000 00619nam a2200169Ia 4500
008 090711s9999 xx 000 0 und d
082 _b41654
100 _aऔरंगाबादकर अनुराधा
245 _aबायकोला मारणारा नवरा
260 _c1980
300 _a90
600 _aऔरंगाबादकर अनुराधा
630 _aबायकोला मारणारा नवरा
700 _aऔरंगाबादकर अनुराधा
730 _aबायकोला मारणारा नवरा
942 _cBOOK
999 _c313099
_d313099